000 00953nam a2200265Ia 4500
003 OSt
005 20221005104134.0
006 a|||||r|||| 00| 0
007 ta
008 221004b |||||||| |||| 00| 0 hin d
020 _a9789382658078 (hbk)
_c1195
024 _a8506
037 _b239, 17/12/2013, Eastern Book Linkers
_cTextual
040 _aCRL
_cCRL
_bhin
041 _2hin
_ahin
082 _aR6, 152P9;Q4
100 _aमिश्रा, महेन्द्र कुमार
245 0 _aभारतीय दर्शन
246 _aBhāratīya darshana
260 _aदिल्ली
_bदिव्यम् प्रकाशन भारत
_c2014
300 _a360पृ0
_ccm.
650 _aभारतीय दर्शन
942 _hR6, 152P9;Q4
_cTEXL
_2cc
999 _c1011837
_d1011837